| 000 | 00892nam a22002651u 4500 | ||
|---|---|---|---|
| 001 | 05958 | ||
| 003 | HDC | ||
| 007 | cr bn --- | ||
| 008 | 210122p xx fo d 00 engg | ||
| 040 | _aHDC | ||
| 100 |
_aKhairul Mahalli _96285 |
||
| 245 | 4 |
_aThe Guideline for Logistic Bussines _c/ by Khairul Mahalli |
|
| 260 |
_a[No place] : _b[publisher not identified], _c2012 |
||
| 300 |
_a2 pages : _bIllustrations |
||
| 336 |
_atext _2rdacontent |
||
| 337 |
_acomputer _2rdamedia |
||
| 338 |
_aonline resource _2rdacarrier |
||
| 650 |
_aEconomic community _zMalaysia _96284 |
||
| 650 |
_aHalal industry _9144 |
||
| 650 |
_aLogistic Bussines _96286 |
||
| 856 | _zRequest full-text at [email protected] | ||
| 942 | _2lcc | ||
| 942 | _cSLIDE | ||
| 942 | _kSLID 000644 | ||
| 999 |
_c3282 _d3282 |
||